[Event "WYCC U18 Girls 2013"]
[Site "Al-Ain UAE"]
[Date "2013.12.18"]
[Round "1.28"]
[White "Voges, Rachelle Mari"]
[Black "Atabayeva, Gozel"]
[Result "0-1"]
[WhiteTitle "WCM"]
[BlackTitle "WFM"]
[WhiteElo "1634"]
[BlackElo "2069"]
[WhiteFideId "14308908"]
[BlackFideId "14001896"]
[EventDate "2013.12.18"]

1. d4 Nf6 2. c4 c5 3. e3 cxd4 4. exd4 d5 5. Nc3 dxc4 6. Bxc4 e6 7. Nf3 Be7 8.
O-O O-O 9. Qc2 a6 10. Rd1 b5 11. Bb3 Bb7 12. Ne5 Nc6 13. Be3 Na5 14. Rac1 Rc8
15. Qd2 Nxb3 16. axb3 Nd5 17. Qe1 Nxc3 18. bxc3 Qd5 19. f3 Qxb3 20. Nd7 Rfd8 21.
Nc5 Bxc5 22. dxc5 Rd5 23. Rb1 Qa2 24. Ra1 Rxd1 25. Qxd1 Qd5 26. Qxd5 exd5 27.
Kf2 f6 28. Ke2 Ra8 29. Kd3 a5 30. Rb1 Bc6 31. Bc1 Kf7 32. Ba3 Re8 33. Kd2 Rd8
34. Kd3 Rb8 35. Kd2 Rd8 36. Kd3 f5 37. Re1 d4 38. cxd4 b4 39. Bc1 Bb5+ 40. Ke3
f4+ 41. Kxf4 Rxd4+ 42. Ke5 Rd7 43. Kf5 a4 44. Be3 a3 45. Ra1 b3 46. Rxa3 b2 47.
Rb3 b1=Q+ 48. Rxb1 Bd3+ 49. Ke5 Bxb1 50. c6 Re7+ 51. Kd4 Bc2 52. Bf4 Bf5 53. g4
Bc8 54. Kc5 Ke6 55. Kb6 Rf7 56. Bg3 Rxf3 0-1

[Event "WYCC U18 Girls 2013"]
[Site "Al-Ain UAE"]
[Date "2013.12.18"]
[Round "1.29"]
[White "Utiatskaja, Irina"]
[Black "De Silva, Shelani"]
[Result "1-0"]
[WhiteElo "2069"]
[BlackElo "1633"]
[WhiteFideId "24140848"]
[BlackFideId "9909745"]
[EventDate "2013.12.18"]

1. e4 c5 2. Nf3 d6 3. d4 cxd4 4. Nxd4 Nf6 5. Nc3 a6 6. Be2 e6 7. O-O Be7 8. f4
Nbd7 9. a4 Qc7 10. Bf3 Rb8 11. g4 Nc5 12. g5 Nfd7 13. b4 Nb3 14. Nd5 exd5 15.
cxb3 dxe4 16. Bxe4 O-O 17. Nf5 Re8 18. Nxg7 Kxg7 19. Bb2+ Kg8 20. Bxh7+ Kf8 21.
Qh5 Rd8 22. Bg8 Qb6+ 23. Rf2 Ne5 24. fxe5 Be6 25. Bxf7 Qxf2+ 26. Kxf2 Bxf7 27.
Qh8+ Bg8 28. e6 Rdc8 29. Bg7+ 1-0

[Event "WYCC U18 Girls 2013"]
[Site "Al-Ain UAE"]
[Date "2013.12.18"]
[Round "1.30"]
[White "Al Dhaffari, Salma"]
[Black "Marikova, Jana"]
[Result "0-1"]
[WhiteElo "1625"]
[BlackElo "2062"]
[WhiteFideId "9305335"]
[BlackFideId "334138"]
[EventDate "2013.12.18"]

1. d4 Nf6 2. Nf3 g6 3. e3 Bg7 4. Be2 O-O 5. O-O d6 6. Nbd2 c5 7. c3 Qc7 8. Re1
b6 9. e4 Nbd7 10. e5 dxe5 11. Nxe5 cxd4 12. cxd4 Nxe5 13. dxe5 Nd5 14. Nf3 Rd8
15. Qb3 Be6 16. Qa4 Bxe5 17. Nxe5 Qxe5 18. Qh4 Rac8 19. Qg5 Qxg5 20. Bxg5 f6 21.
Bh4 Nb4 22. Bd3 Nxd3 23. Rxe6 Kf7 24. Re2 Rd4 25. Bg3 Rdc4 26. h3 h5 27. h4 Rc1+
28. Rxc1 Nxc1 29. Rd2 Nxa2 30. Rd7 a5 31. Rb7 Nc1 32. Rxb6 Ne2+ 33. Kh2 e5 34.
Rb5 Ra8 35. f3 Nd4 36. Rb6 Rc8 37. Be1 a4 38. Bc3 Rc4 39. Rb7+ Ke6 40. Rb6+ Kf5
41. Be1 Rc2 42. Kh3 Ne2 0-1

[Event "WYCC U18 Girls 2013"]
[Site "Al-Ain UAE"]
[Date "2013.12.18"]
[Round "1.31"]
[White "Tran, My Linh"]
[Black "El, Kader Maria"]
[Result "1-0"]
[WhiteElo "2061"]
[BlackElo "1619"]
[WhiteFideId "24682462"]
[BlackFideId "14137380"]
[EventDate "2013.12.18"]

1. e4 g6 2. d4 Bg7 3. Nc3 d6 4. Be3 Nd7 5. Nf3 Ngf6 6. h3 O-O 7. Bc4 c6 8. a4 a6
9. e5 dxe5 10. dxe5 Ne8 11. e6 fxe6 12. Bxe6+ Kh8 13. Ng5 Nd6 14. Bd4 Nf6 15.
Bxc8 Qxc8 16. Qe2 Nf5 17. Be5 b5 18. O-O h6 19. Nf3 Qb7 20. g4 Nd6 21. Nh4 Kg8
22. Nxg6 Rf7 23. b3 b4 24. Nd1 Nde4 25. f3 Qb6+ 26. Kg2 Ng5 27. Ne3 Rd8 28. h4
Ne6 29. Nf5 Qc5 30. Ngxe7+ Rxe7 31. Nxe7+ Qxe7 32. Rfe1 Nd5 33. Kg1 Bxe5 34.
Qxe5 Qc5+ 35. Kh1 Ndf4 36. Qxc5 Nxc5 37. Rad1 Rf8 38. Rd6 Rc8 39. Rxh6 Kg7 40.
Rd6 Ng6 41. h5 Nf4 42. Re5 Nd5 43. g5 Rf8 44. Rxc6 1-0

[Event "WYCC U18 Girls 2013"]
[Site "Al-Ain UAE"]
[Date "2013.12.18"]
[Round "1.32"]
[White "Senarath, Kavindi"]
[Black "Saranya, J"]
[Result "0-1"]
[BlackTitle "WFM"]
[WhiteElo "1617"]
[BlackElo "2057"]
[WhiteFideId "9904344"]
[BlackFideId "5031931"]
[EventDate "2013.12.18"]

1. e4 c5 2. Nc3 d6 3. Bb5+ Nc6 4. Bxc6+ bxc6 5. f4 Nf6 6. Nf3 g6 7. d3 Bg7 8.
O-O O-O 9. Qe1 Qb6 10. Kh1 Re8 11. Qh4 Qc7 12. f5 Rb8 13. Bh6 Rxb2 14. Bxg7 Kxg7
15. Rf2 Qa5 16. Nd1 Rxa2 17. Rxa2 Qxa2 18. Ne3 a5 19. fxg6 hxg6 20. Ng5 Rh8 21.
Qf4 a4 22. Nc4 a3 23. Nxd6 Qb1+ 24. Rf1 a2 25. Qc1 Qxc1 26. Rxc1 exd6 27. Ra1
Ng4 28. h3 f6 29. Nf3 Be6 30. Kg1 Rb8 31. Nd2 Ne3 32. c4 Rb2 33. Kf2 Nc2 34. Rd1
a1=Q 35. Rxa1 Nxa1 0-1

[Event "WYCC U18 Girls 2013"]
[Site "Al-Ain UAE"]
[Date "2013.12.18"]
[Round "1.33"]
[White "Gaboyan, Susanna"]
[Black "Dewanthi, A H Chamika"]
[Result "1-0"]
[WhiteElo "2050"]
[BlackElo "1584"]
[WhiteFideId "13303627"]
[BlackFideId "9906304"]
[EventDate "2013.12.18"]

1. d4 d5 2. Nf3 Bf5 3. c4 c6 4. Nbd2 e6 5. e3 Nf6 6. Be2 Bd6 7. O-O O-O 8. Ne5
Nbd7 9. f4 a6 10. g4 Be4 11. g5 Ne8 12. Nxe4 dxe4 13. Qc2 Nxe5 14. dxe5 Bxe5 15.
fxe5 Qxg5+ 16. Kh1 Qxe5 17. Bd2 f5 18. Bc3 Qc7 19. c5 Nf6 20. Bc4 Rae8 21. Rxf5
Nd5 22. Rxf8+ Rxf8 23. Bxd5 exd5 24. Rg1 g6 25. Qd2 Qf7 26. Qe2 Qf5 27. Qg4 Qf2
28. Bd4 Qf7 29. h4 Qf3+ 30. Kh2 Rf5 31. Qxf3 Rxf3 32. h5 Rf2+ 33. Kg3 Rf3+ 34.
Kh4 Kf7 35. hxg6+ hxg6 36. Rg4 Rf5 37. Rf4 Ke6 38. Kg4 a5 39. Rxf5 gxf5+ 40. Kf4
a4 41. a3 Ke7 42. Kxf5 Kf7 43. Bf6 Kf8 44. Ke6 Ke8 45. Kd6 Kf7 46. Bd4 Ke8 47.
Kc7 Ke7 48. Kxb7 Kd7 49. Kb6 Kd8 50. Kxc6 Kc8 51. Kd6 Kd8 52. c6 Kc8 53. c7 Kb7
54. Kd7 Ka6 55. c8=Q+ Kb5 56. Qc5+ Ka6 57. Qb6# 1-0

[Event "WYCC U18 Girls 2013"]
[Site "Al-Ain UAE"]
[Date "2013.12.18"]
[Round "1.35"]
[White "Regam, Jessica"]
[Black "Kulatunga, Dinithi"]
[Result "1-0"]
[WhiteTitle "WFM"]
[WhiteElo "2019"]
[BlackElo "1503"]
[WhiteFideId "2033496"]
[BlackFideId "9913440"]
[EventDate "2013.12.18"]

1. e4 e5 2. Nf3 Nc6 3. Bb5 a6 4. Ba4 b5 5. Bb3 Nf6 6. O-O Bc5 7. c3 d6 8. d4 Bb6
9. h3 O-O 10. Re1 h6 11. a4 Bb7 12. axb5 axb5 13. Rxa8 Qxa8 14. d5 Ne7 15. Na3
Ba6 16. Bc2 Qb7 17. Bd3 Ba7 18. Qe2 Rb8 19. Nc2 Bc5 20. Nh2 c6 21. dxc6 Qxc6 22.
Qf3 Ng6 23. Bxh6 b4 24. Bxa6 Qxa6 25. Bd2 bxc3 26. Bxc3 Qb7 27. Ng4 Nxg4 28.
Qxg4 Qc6 29. Qf3 Qa4 30. Ne3 Nf4 31. Nd5 Nxd5 32. exd5 Bb4 33. Re4 Qa1+ 34. Kh2
Bc5 35. b4 Qa2 36. bxc5 dxc5 37. Bxe5 Rd8 38. Qg4 g6 39. Qh4 f6 40. Qxf6 Rd7 41.
Qxg6+ Kf8 42. Rf4+ Ke7 43. Rf7+ Kd8 44. Qg8# 1-0

[Event "WYCC U18 Girls 2013"]
[Site "Al-Ain UAE"]
[Date "2013.12.18"]
[Round "1.36"]
[White "Strasevici, Ana"]
[Black "Guo, Emma"]
[Result "0-1"]
[BlackTitle "WIM"]
[WhiteElo "1496"]
[BlackElo "2011"]
[WhiteFideId "13907042"]
[BlackFideId "3200795"]
[EventDate "2013.12.18"]

1. d4 Nf6 2. c4 g6 3. Nc3 d5 4. cxd5 Nxd5 5. e4 Nxc3 6. bxc3 Bg7 7. Nf3 c5 8.
Be3 Nc6 9. Bc4 O-O 10. O-O Bg4 11. e5 Qc7 12. Qc2 Rac8 13. Ng5 cxd4 14. Bxf7+
Rxf7 15. Nxf7 Kxf7 16. cxd4 Nxd4 17. Qe4 Ne2+ 18. Kh1 Bf5 19. Qf3 Qc4 20. Rfe1
Bxe5 21. Rxe2 Bxa1 22. h3 Qe4 0-1

[Event "WYCC U18 Girls 2013"]
[Site "Al-Ain UAE"]
[Date "2013.12.18"]
[Round "1.38"]
[White "Van Niekerk, Robyn Julian"]
[Black "Kuckling, Hannah"]
[Result "1-0"]
[WhiteElo "1459"]
[BlackElo "1993"]
[WhiteFideId "14305020"]
[BlackFideId "24603660"]
[EventDate "2013.12.18"]

1. d4 Nf6 2. c4 g6 3. Nc3 Bg7 4. g3 O-O 5. Bg2 d6 6. Nf3 c6 7. O-O Qa5 8. e4 Qh5
9. Nh4 Bg4 10. Qd3 e5 11. d5 cxd5 12. cxd5 Na6 13. Be3 Bh6 14. h3 Bxh3 15. Bxh3
g5 16. Qd1 gxh4 17. Qxh5 Nxh5 18. Bxh6 Rfd8 19. gxh4 Nb4 20. Kh2 Nd3 21. Rg1+
Kh8 22. Bg4 Nhf4 23. Be2 Rg8 24. Bg5 h5 25. Bxd3 Nxd3 26. Nb5 Nxf2 27. Nxd6 Ng4+
28. Kh3 f6 29. Bd2 Nf2+ 30. Kh2 Ng4+ 31. Kg3 Kh7 32. Kf3 Rad8 33. Bb4 a5 34. Ba3
Rd7 35. Rac1 Rdg7 36. Ke2 Rd7 37. Nf5 b5 38. Be7 Rb8 39. Rc6 Rg8 40. Rgc1 Nh2
41. Kf2 Ng4+ 42. Ke2 Nh2 43. Kd3 Rg2 44. Rxf6 Ng4 45. Rf7+ Kg8 46. Rg7+ Kh8 47.
Rc8+ 1-0

[Event "WYCC U18 Girls 2013"]
[Site "Al-Ain UAE"]
[Date "2013.12.19"]
[Round "2.1"]
[White "Atabayeva, Gozel"]
[Black "Saduakassova, Dinara"]
[Result "0-1"]
[WhiteTitle "WFM"]
[BlackTitle "WGM"]
[WhiteElo "2069"]
[BlackElo "2357"]
[WhiteFideId "14001896"]
[BlackFideId "13700090"]
[EventDate "2013.12.18"]

1. e4 c5 2. Nf3 d6 3. d4 cxd4 4. Nxd4 Nf6 5. Nc3 a6 6. Bg5 Nbd7 7. f4 Qc7 8. Qf3
h6 9. Bxf6 Nxf6 10. Be2 e5 11. Nf5 d5 12. fxe5 Qxe5 13. Qg3 Qxg3+ 14. Nxg3 Bb4
15. e5 d4 16. exf6 dxc3 17. b3 gxf6 18. Ne4 Ke7 19. O-O Be6 20. Nxf6 Rad8 21.
Bd3 Bc5+ 22. Kh1 Ba3 23. Rad1 Rd4 24. Ne4 Rc8 25. h3 a5 26. Ng3 Rc5 27. Ne2 Rd8
28. Nf4 a4 29. Rfe1 b5 30. Re4 axb3 31. axb3 Rd6 32. Re3 Kd7 33. Nxe6 fxe6 34.
Rf1 Rcd5 35. Rff3 Bc1 36. Rf7+ Kc8 37. Re1 Bb2 38. Bh7 Rd7 39. Rxd7 Kxd7 40. Rf1
Ke7 41. Bg6 Kd6 42. Rf3 Ke5 43. Re3+ Kd6 44. Kh2 Rd4 45. Bd3 Ba3 46. Kg3 Bc1 0-1

[Event "WYCC U18 Girls 2013"]
[Site "Al-Ain UAE"]
[Date "2013.12.19"]
[Round "2.3"]
[White "Marikova, Jana"]
[Black "Klek, Hanna-Marie"]
[Result "1-0"]
[WhiteElo "2062"]
[BlackElo "2297"]
[WhiteFideId "334138"]
[BlackFideId "24670057"]
[EventDate "2013.12.18"]

1. d4 Nf6 2. c4 g6 3. Nc3 Bg7 4. e4 d6 5. Nf3 O-O 6. Be2 Bg4 7. O-O Nfd7 8. Be3
Nc6 9. Qd2 Bxf3 10. Bxf3 e5 11. Ne2 exd4 12. Nxd4 Nxd4 13. Bxd4 Bxd4 14. Qxd4 a5
15. Rfe1 Re8 16. g3 Qe7 17. Rad1 Ne5 18. Bg2 Nc6 19. Qe3 Qe5 20. Qb3 b6 21. f4
Qc5+ 22. Kh1 a4 23. Qc3 Rad8 24. Re2 Qa5 25. Qf3 Qb4 26. Qd3 Na5 27. Rc1 Nb7 28.
Qd5 Nc5 29. Rd1 Re7 30. h4 Kg7 31. Qd4+ Kg8 32. h5 Rf8 33. Bf3 f6 34. e5 dxe5
35. fxe5 Ne6 36. Bd5 f5 37. Qh4 c6 38. Bxe6+ Rxe6 39. hxg6 Rxg6 40. Rd7 Rg7 41.
e6 Rxd7 42. exd7 Qd6 43. Qg5+ Kf7 44. Rd2 Qe7 45. Qxf5+ Kg7 46. Qxf8+ 1-0

[Event "WYCC U18 Girls 2013"]
[Site "Al-Ain UAE"]
[Date "2013.12.19"]
[Round "2.4"]
[White "Osmanodja, Filiz"]
[Black "Utiatskaja, Irina"]
[Result "1-0"]
[WhiteTitle "WIM"]
[WhiteElo "2274"]
[BlackElo "2069"]
[WhiteFideId "24633569"]
[BlackFideId "24140848"]
[EventDate "2013.12.18"]

1. e4 c5 2. d3 Nc6 3. g3 g6 4. Bg2 Bg7 5. f4 d6 6. Nf3 Nf6 7. O-O O-O 8. h3 Rb8
9. Nc3 b5 10. g4 b4 11. Ne2 a5 12. Ng3 Ba6 13. Rf2 Qc7 14. Rb1 a4 15. g5 Nd7 16.
h4 Nd4 17. Be3 Nb5 18. Ne2 c4 19. d4 c3 20. b3 Na3 21. Rc1 Nb6 22. Ng3 axb3 23.
axb3 f5 24. gxf6 exf6 25. d5 Rfe8 26. h5 Kf7 27. Bd4 Nb5 28. Bh3 Bc8 29. Bxc8
Rexc8 30. hxg6+ hxg6 31. Rh2 Nd7 32. Qf1 Nf8 33. Bf2 Re8 34. Ra1 Qd7 35. Nd4
Nxd4 36. Bxd4 Ra8 37. Re1 Qg4 38. Rg2 Qh4 39. Qd3 f5 40. Bxg7 fxe4 41. Qe3 Ra2
42. Bd4 Rea8 43. f5 Ra1 44. Rf1 Rxf1+ 45. Nxf1 Ra1 46. fxg6+ Kg8 47. Rg3 Nd7 48.
Qf2 Qe7 49. Rh3 Ne5 50. Bxe5 dxe5 51. Qh4 Qxh4 52. Rxh4 1-0

[Event "WYCC U18 Girls 2013"]
[Site "Al-Ain UAE"]
[Date "2013.12.19"]
[Round "2.5"]
[White "Saranya, J"]
[Black "Aranaz Murillo, Amalia"]
[Result "1/2-1/2"]
[WhiteTitle "WFM"]
[BlackTitle "WIM"]
[WhiteElo "2057"]
[BlackElo "2262"]
[WhiteFideId "5031931"]
[BlackFideId "22200371"]
[EventDate "2013.12.18"]

1. e4 e6 2. Nf3 d5 3. Nc3 Nf6 4. e5 Nfd7 5. d4 c5 6. dxc5 Nc6 7. Bf4 Bxc5 8. Bd3
h6 9. Bg3 a6 10. O-O O-O 11. Re1 Ba7 12. a3 f6 13. exf6 Qxf6 14. Qd2 b5 15. Rad1
Bb7 16. b4 Rac8 17. Bh4 Qf7 18. Bg3 Nf6 19. Qe2 Rfe8 20. Nh4 Nd4 21. Qd2 Ne4 22.
Nxe4 dxe4 23. Bxe4 Bxe4 24. Rxe4 Rxc2 25. Qd3 Rc4 26. Nf3 Nxf3+ 27. gxf3 Rec8
28. Rg4 Bb6 29. Qd7 Rd8 30. Qxf7+ Kxf7 31. Rxd8 Bxd8 32. Rxc4 bxc4 33. Kf1 Bf6
34. Ke2 Ke7 35. Kd2 Kd7 36. a4 Kc6 37. Bf4 Bd4 38. Be3 e5 39. Ke2 g5 40. Kd2 Kd5
41. Kc2 Kc6 42. Kd2 1/2-1/2

[Event "WYCC U18 Girls 2013"]
[Site "Al-Ain UAE"]
[Date "2013.12.19"]
[Round "2.6"]
[White "Rodriguez Rueda, Paula Andrea"]
[Black "Tran, My Linh"]
[Result "1-0"]
[WhiteTitle "WIM"]
[WhiteElo "2257"]
[BlackElo "2061"]
[WhiteFideId "4404564"]
[BlackFideId "24682462"]
[EventDate "2013.12.18"]

1. d4 Nf6 2. c4 c5 3. d5 b5 4. cxb5 a6 5. b6 e6 6. Nc3 Nxd5 7. Nxd5 exd5 8. Qxd5
Nc6 9. e4 Be7 10. Bc4 O-O 11. Nf3 Rb8 12. O-O Rxb6 13. b3 d6 14. Qh5 Be6 15. Bd5
Bxd5 16. Qxd5 Bf6 17. Rb1 Nb4 18. Qd2 Re8 19. Re1 a5 20. h3 Qa8 21. a3 Na6 22.
Qxa5 Qb7 23. Bf4 Ra8 24. e5 Nb4 25. exf6 h6 26. axb4 Rxa5 27. bxa5 Rxb3 28. Rxb3
Qxb3 29. Bxd6 c4 30. fxg7 Kxg7 31. a6 Qa4 32. Be5+ f6 33. Ra1 Qe8 34. a7 Qa8 35.
Bd4 Kf7 36. Rc1 1-0

[Event "WYCC U18 Girls 2013"]
[Site "Al-Ain UAE"]
[Date "2013.12.19"]
[Round "2.7"]
[White "Duessler, Stefanie"]
[Black "Bivol, Alina"]
[Result "1/2-1/2"]
[BlackTitle "WIM"]
[WhiteElo "2046"]
[BlackElo "2236"]
[WhiteFideId "4634780"]
[BlackFideId "4100123"]
[EventDate "2013.12.18"]

1. e4 e6 2. d4 d5 3. Nc3 Bb4 4. e5 c5 5. a3 Bxc3+ 6. bxc3 Ne7 7. Qg4 Kf8 8. Bd3
Qa5 9. Bd2 Qa4 10. Qd1 b6 11. Be3 Nd7 12. h4 Ba6 13. Nh3 Bxd3 14. Qxd3 Rc8 15.
O-O Nf5 16. h5 cxd4 17. cxd4 Qc4 18. Qxc4 Rxc4 19. c3 Rxc3 20. Rfc1 Rc4 21. Rxc4
dxc4 22. Rc1 b5 23. a4 Nxe3 24. fxe3 a6 25. axb5 axb5 26. Rb1 Ke7 27. Rxb5 c3
28. Rb1 Rc8 29. Kf2 Nb6 30. Ke2 Nc4 31. Rc1 Nb2 32. Rc2 Na4 33. Nf2 Rb8 34. Nd1
Rb3 35. Kd3 Nb2+ 36. Ke2 Na4 37. Kd3 Nb2+ 38. Ke2 Na4 1/2-1/2

[Event "WYCC U18 Girls 2013"]
[Site "Al-Ain UAE"]
[Date "2013.12.19"]
[Round "2.8"]
[White "Baraeva, Irina"]
[Black "Gaboyan, Susanna"]
[Result "1/2-1/2"]
[WhiteTitle "WIM"]
[WhiteElo "2211"]
[BlackElo "2050"]
[WhiteFideId "24142565"]
[BlackFideId "13303627"]
[EventDate "2013.12.18"]

1. d4 Nf6 2. c4 g6 3. Nc3 d5 4. cxd5 Nxd5 5. e4 Nxc3 6. bxc3 Bg7 7. Bc4 c5 8.
Ne2 Nc6 9. Be3 O-O 10. O-O b6 11. Rc1 Bb7 12. Qd2 cxd4 13. cxd4 Na5 14. Bd3 Qd7
15. Bh6 Bxh6 16. Qxh6 Rac8 17. h4 Rxc1 18. Rxc1 Rc8 19. h5 Nc6 20. hxg6 hxg6 21.
Bc4 e6 22. d5 exd5 23. Bxd5 Ne5 24. Rd1 Qg4 25. Qe3 Ba6 26. Re1 1/2-1/2

[Event "WYCC U18 Girls 2013"]
[Site "Al-Ain UAE"]
[Date "2013.12.19"]
[Round "2.9"]
[White "Guo, Emma"]
[Black "Ibrahimova, Sabina"]
[Result "0-1"]
[WhiteTitle "WIM"]
[BlackTitle "WIM"]
[WhiteElo "2011"]
[BlackElo "2205"]
[WhiteFideId "3200795"]
[BlackFideId "13403893"]
[EventDate "2013.12.18"]

1. d4 Nf6 2. c4 g6 3. Nc3 Bg7 4. e4 d6 5. h3 O-O 6. Bg5 Na6 7. Nf3 Qe8 8. Be2 e5
9. d5 Nc5 10. Qc2 a5 11. O-O-O h6 12. Be3 Nh5 13. g4 Nf4 14. Rdg1 c6 15. Rd1 Qe7
16. Qd2 Bd7 17. Kb1 a4 18. Bf1 cxd5 19. Bxc5 dxc5 20. cxd5 Qe8 21. Qe3 Rc8 22.
d6 b5 23. Nd5 Nxd5 24. Rxd5 Bc6 25. d7 Bxd7 26. Rxc5 Qe7 27. Rxc8 Rxc8 28. Be2
Bc6 29. Rc1 Qb7 30. Nd2 Bf6 31. Qc3 Bxe4+ 32. Nxe4 Rxc3 33. Nxf6+ Kg7 34. Ne8+
Kf8 35. Rxc3 Kxe8 36. Re3 Qd5 37. Bf3 Qc5 38. Re2 Kf8 39. Be4 Qc8 40. Rd2 f5 41.
gxf5 gxf5 42. Bd5 Qd8 43. a3 e4 44. Kc1 Qg5 45. Be6 Ke7 46. Bc8 e3 47. fxe3 Qxe3 0-1

[Event "WYCC U18 Girls 2013"]
[Site "Al-Ain UAE"]
[Date "2013.12.19"]
[Round "2.10"]
[White "Xiao, Yiyi"]
[Black "Regam, Jessica"]
[Result "1-0"]
[WhiteTitle "WFM"]
[BlackTitle "WFM"]
[WhiteElo "2163"]
[BlackElo "2019"]
[WhiteFideId "8606161"]
[BlackFideId "2033496"]
[EventDate "2013.12.18"]

1. d4 Nf6 2. c4 g6 3. g3 Bg7 4. Bg2 O-O 5. Nc3 d6 6. Nf3 Nbd7 7. O-O e5 8. e4
exd4 9. Nxd4 Re8 10. Re1 a6 11. h3 Rb8 12. Be3 Ne5 13. Qe2 c5 14. Nc2 b5 15.
cxb5 axb5 16. Nxb5 c4 17. Ncd4 Bb7 18. b3 Nd3 19. Red1 Nxe4 20. bxc4 Nexf2 21.
Rxd3 Nxd3 22. Qxd3 Bxg2 23. Kxg2 d5 24. Bf2 dxc4 25. Qxc4 Re4 26. Rd1 Qe7 27. a4
Qb7 28. Qc6 Bxd4 29. Qxb7 Rxb7 30. Rxd4 Rxd4 31. Bxd4 Rd7 32. Kf3 Kf8 33. Ke4
Ke7 34. a5 Rb7 35. Nc3 Ke6 36. a6 f5+ 37. Kd3 Rb3 38. a7 Ra3 39. Bc5 Ra1 40. Nb5
Kd7 41. Ba3 1-0

[Event "WYCC U18 Girls 2013"]
[Site "Al-Ain UAE"]
[Date "2013.12.19"]
[Round "2.11"]
[White "Kakhramonova, Mokhinur"]
[Black "Castrillon Gomez, Melissa"]
[Result "0-1"]
[BlackTitle "WIM"]
[WhiteElo "2004"]
[BlackElo "2155"]
[WhiteFideId "14201771"]
[BlackFideId "4402413"]
[EventDate "2013.12.18"]

1. e4 c5 2. Nf3 d6 3. d4 Nf6 4. Nc3 cxd4 5. Nxd4 g6 6. Be2 Bg7 7. O-O O-O 8. Be3
Nc6 9. Qd2 d5 10. exd5 Nxd5 11. Nxd5 Nxd4 12. Bc4 Nf5 13. Rad1 Nxe3 14. Nf6+
Bxf6 15. Qxd8 Nxc4 16. Qc7 Nd6 17. c4 Bg4 18. Rc1 b6 19. Qc6 Bxb2 20. Rc2 Bd4
21. Re1 Be6 22. Qa4 Bc5 23. Kh1 a5 24. Qb3 Rfd8 25. a3 Ne4 26. Qf3 Bf5 27. Ra2
Rd4 28. h3 Rad8 29. Rae2 Nd2 30. Qc6 Nxc4 31. Rc1 Bd3 32. Ra2 Ne5 33. Qc7 Bc4
34. Rac2 Nd3 35. Ra1 Nxf2+ 36. Rxf2 Rd1+ 37. Rf1 Bxf1 38. Qxd8+ Rxd8 39. Rxf1
Bxa3 0-1

[Event "WYCC U18 Girls 2013"]
[Site "Al-Ain UAE"]
[Date "2013.12.19"]
[Round "2.12"]
[White "Juhasz, Barbara"]
[Black "Chiarion, Elisa"]
[Result "1-0"]
[WhiteTitle "WFM"]
[WhiteElo "2152"]
[BlackElo "1957"]
[WhiteFideId "743585"]
[BlackFideId "828653"]
[EventDate "2013.12.18"]

1. e4 c5 2. b3 d6 3. Bb2 Nc6 4. Bb5 e5 5. Ne2 Nf6 6. Nbc3 Bg4 7. O-O Be7 8. d3
O-O 9. h3 Bh5 10. Qd2 Nd4 11. Bc4 a6 12. a4 Qd7 13. Nxd4 cxd4 14. Nd5 Nxd5 15.
Bxd5 Rac8 16. c3 dxc3 17. Bxc3 Kh8 18. d4 exd4 19. Bxd4 f5 20. Qh6 1-0

[Event "WYCC U18 Girls 2013"]
[Site "Al-Ain UAE"]
[Date "2013.12.19"]
[Round "2.13"]
[White "Bengtsson, Jessica"]
[Black "Navrotescu, Andreea-Cristiana"]
[Result "0-1"]
[BlackTitle "WFM"]
[WhiteElo "1970"]
[BlackElo "2147"]
[WhiteFideId "1711083"]
[BlackFideId "675946"]
[EventDate "2013.12.18"]

1. e4 c5 2. c3 d5 3. exd5 Qxd5 4. d4 Nf6 5. Nf3 e6 6. Be3 cxd4 7. cxd4 Nc6 8.
Nc3 Qd6 9. a3 Be7 10. Bd3 O-O 11. O-O b6 12. Rc1 Bb7 13. Bb1 Rfd8 14. Qe2 Rac8
15. Rfd1 a6 16. d5 Ne5 17. Nxe5 Qxe5 18. dxe6 Qxe6 19. Ba2 Qe5 20. Rxd8+ Bxd8
21. Rd1 Bc7 22. g3 Qf5 23. Re1 Qh3 24. Qf1 Qh5 25. f4 Ng4 26. h3 Nxe3 27. Rxe3
b5 28. Kh2 Bd6 29. Qe2 Qxe2+ 30. Rxe2 Bf8 31. Nd5 Rc1 32. Rd2 Bc5 33. b4 Be3 34.
Re2 Bg1+ 35. Kg2 Ba7 36. Rd2 Ra1 37. Bb3 Rxa3 38. Bc2 Ra2 0-1

[Event "WYCC U18 Girls 2013"]
[Site "Al-Ain UAE"]
[Date "2013.12.19"]
[Round "2.15"]
[White "Nguyen, Thi Thuy Trien"]
[Black "Baraeva, Marina"]
[Result "0-1"]
[WhiteTitle "WFM"]
[BlackTitle "WIM"]
[WhiteElo "1945"]
[BlackElo "2136"]
[WhiteFideId "12404179"]
[BlackFideId "24142573"]
[EventDate "2013.12.18"]

1. d4 d5 2. c4 c6 3. e3 Nf6 4. Nc3 a6 5. Qc2 g6 6. Bd3 Bg7 7. b3 O-O 8. Nge2
Nbd7 9. f4 b5 10. O-O bxc4 11. bxc4 dxc4 12. Bxc4 c5 13. Rd1 cxd4 14. Nxd4 Bb7
15. Bb2 Rc8 16. Qe2 Qa5 17. Rac1 Qb4 18. Nb1 Nc5 19. Bb3 Nfe4 20. Ba3 Qb6 21.
Bxc5 Nxc5 22. Nc3 e6 0-1

[Event "WYCC U18 Girls 2013"]
[Site "Al-Ain UAE"]
[Date "2013.12.19"]
[Round "2.16"]
[White "Leonardi, Caterina"]
[Black "Pratyusha, Bodda"]
[Result "0-1"]
[WhiteElo "1939"]
[BlackElo "2128"]
[WhiteFideId "14601036"]
[BlackFideId "5000629"]
[EventDate "2013.12.18"]

1. d4 Nf6 2. c4 e6 3. g3 d5 4. Bg2 Be7 5. Nf3 O-O 6. O-O dxc4 7. Nbd2 b5 8. a4
c6 9. Ne5 Nd5 10. Nb1 Bb7 11. Nc3 a6 12. e4 Nxc3 13. bxc3 Nd7 14. Nf3 Nf6 15.
Qe2 c5 16. axb5 axb5 17. Rb1 Bxe4 18. Rxb5 Bd3 19. Qb2 Bxf1 20. Bxf1 cxd4 21.
Nxd4 Ba3 22. Qc2 Bxc1 23. Qxc1 Ra4 24. Rc5 Qa8 25. Nc6 Ra1 26. Qc2 Nd5 27. Qb2
h6 28. Nb4 Nxb4 29. cxb4 Rd8 0-1

[Event "WYCC U18 Girls 2013"]
[Site "Al-Ain UAE"]
[Date "2013.12.19"]
[Round "2.17"]
[White "Lezhepekova, Veronika"]
[Black "Roy, Ali"]
[Result "1-0"]
[WhiteTitle "WFM"]
[WhiteElo "2121"]
[BlackElo "1891"]
[WhiteFideId "24146137"]
[BlackFideId "2400456"]
[EventDate "2013.12.18"]

1. d4 d5 2. c4 e6 3. Nc3 Nf6 4. Bg5 Be7 5. e3 O-O 6. Bd3 Nbd7 7. Nf3 c5 8. cxd5
exd5 9. O-O Re8 10. Rc1 b6 11. Bb5 Qc7 12. Bxf6 gxf6 13. Nxd5 Qd6 14. Nxe7+ Qxe7
15. dxc5 bxc5 16. Qd5 Rb8 17. Bxd7 Bxd7 18. Qxc5 Qxc5 19. Rxc5 Rxb2 20. Rc7 Be6
21. Rxa7 Rxa2 22. Rxa2 Bxa2 23. Nd4 Rb8 24. g4 Rb1 25. Rxb1 Bxb1 26. h4 Kf8 27.
Kg2 Ke7 28. Kg3 Kd6 29. h5 Bd3 30. f3 Kd5 31. Kf4 Kd6 32. e4 Ba6 33. Kf5 Ke7 34.
Nc6+ Kd6 35. Nb4 Be2 36. f4 Ke7 37. Nd5+ Kf8 38. h6 Kg8 39. Nxf6+ Kh8 40. g5 1-0